[Event "Gaborone Masaiti (Women)"]
[Site "Gaborone"]
[Date "2023.12.22"]
[Round "6"]
[White "Marape, Naledi"]
[Black "Francis, Onkemetse"]
[Result "1/2-1/2"]
[WhiteElo "1679"]
[BlackElo "1785"]
[PlyCount "80"]
[EventDate "2023.12.18"]
[EventType "tourn"]
[EventRounds "9"]
[EventCountry "BOT"]
[SourceTitle "CB52_2023"]
[SourceDate "2023.12.27"]
[SourceVersion "1"]
[SourceVersionDate "2023.12.27"]
[SourceQuality "1"]

1. e4 e6 2. d3 d5 3. Nd2 c5 4. Ngf3 Nc6 5. g3 Nf6 6. Bg2 Be7 7. 0-0 0-0 8. e5 Nd7 9. Qe2 Qc7 10. Re1 b5 11. h4 Bb7 12. Nf1 Rac8 13. c3 d4 14. N1h2 Nd8 15. cxd4 cxd4 16. Nxd4 Bxg2 17. Kxg2 Bb4 18. Bd2 Bxd2 19. Qxd2 Nxe5 20. Rac1 Qb7+ 21. Ndf3 Rxc1 22. Rxc1 Qd5 23. d4 Nxf3 24. Nxf3 Qxa2 25. Rc5 a6 26. Rh5 f6 27. Qc2 g6 28. Rc5 Nf7 29. h5 g5 30. Nd2 Nd6 31. Nb3 Nc4 32. Rc7 f5 33. Qc1 h6 34. Qc3 Qxb2 35. Rxc4 Qe2 36. Rc7 g4 37. Nd2 f4 38. Qc2 f3+ 39. Kg1 Rf5 40. Rc8+ Kf7 1/2-1/2

[Event "Gaborone Masaiti (Women)"]
[Site "Gaborone"]
[Date "2023.12.19"]
[Round "3"]
[White "L'Ami, Alina"]
[Black "Marape, Naledi"]
[Result "1-0"]
[WhiteElo "2285"]
[BlackElo "1679"]
[PlyCount "53"]
[EventDate "2023.12.18"]
[EventType "tourn"]
[EventRounds "9"]
[EventCountry "BOT"]
[SourceTitle "CB52_2023"]
[SourceDate "2023.12.27"]
[SourceVersion "1"]
[SourceVersionDate "2023.12.27"]
[SourceQuality "1"]

1. d4 Nf6 2. c4 d5 3. cxd5 Nxd5 4. e4 Nf6 5. Nc3 g6 6. Bc4 Bg7 7. Nge2 c5 8. d5 0-0 9. 0-0 a6 10. a4 Bg4 11. f3 Bc8 12. Be3 b6 13. Qd2 Nbd7 14. h3 Bb7 15. f4 Qc7 16. e5 Ne8 17. Ng3 Rd8 18. Nge4 Nb8 19. Rad1 Nc6 20. Qf2 Nb4 21. h4 Qc8 22. h5 Qf5 23. hxg6 hxg6 24. Qh4 Qh5 25. Qxe7 Rb8 26. Qg5 Qxg5 27. Nxg5 1-0

[Event "Gaborone Masaiti (Women)"]
[Site "Gaborone"]
[Date "2023.12.19"]
[Round "2"]
[White "Marape, Naledi"]
[Black "Quickpen, Deborah"]
[Result "0-1"]
[WhiteElo "1679"]
[BlackElo "1955"]
[PlyCount "144"]
[EventDate "2023.12.18"]
[EventType "tourn"]
[EventRounds "9"]
[EventCountry "BOT"]
[SourceTitle "CB52_2023"]
[SourceDate "2023.12.27"]
[SourceVersion "1"]
[SourceVersionDate "2023.12.27"]
[SourceQuality "1"]

1. e4 c5 2. Nf3 d6 3. d4 cxd4 4. Nxd4 Nf6 5. Nc3 a6 6. Be3 e5 7. Nb3 Be6 8. f3 Nbd7 9. Qd2 Be7 10. 0-0-0 0-0 11. g4 b5 12. Kb1 b4 13. Ne2 a5 14. g5 Ne8 15. Nbc1 f5 16. gxf6 Nexf6 17. Rg1 Kh8 18. Ng3 Nb6 19. Qg2 g6 20. Nf5 Bxf5 21. exf5 Rg8 22. Qh3 gxf5 23. Rxg8+ Nxg8 24. Qxf5 Qd7 25. Qd3 Qc6 26. f4 Nd7 27. fxe5 Nxe5 28. Bd4 Bf6 29. Qf5 Rf8 30. Bxe5 dxe5 31. Bd3 Qc7 32. Be4 Rd8 33. Rg1 Rf8 34. Nd3 Nh6 35. Qh5 Bg7 36. Qg5 Qf7 37. Re1 Qf6 38. Qe3 Ng4 39. Qh3 Nh6 40. Qe3 Qh4 41. Qg3 Qxg3 42. hxg3 Ng4 43. Rh1 h6 44. a3 Nf2 45. Re1 Nxd3 46. Bxd3 Rf3 47. g4 bxa3 48. bxa3 Rg3 49. Re4 Kg8 50. a4 Kf7 51. Ka2 Ke6 52. Kb3 Kd5 53. Ka2 Bf8 54. Kb3 Rg1 55. Ka2 Bd6 56. Kb2 Bc5 57. Ka2 Bd4 58. Kb3 Rb1+ 59. Ka2 Rb4 60. Re1 Rxa4+ 61. Kb3 Rb4+ 62. Ka2 Bc3 63. Rd1 e4 64. Be2+ Rd4 65. Rxd4+ Kxd4 66. Kb3 Bd2 67. c4 Bb4 68. Kc2 Ke3 69. Kd1 a4 70. Bf1 a3 71. Kc2 Kf2 72. Bh3 e3 0-1

[Event "Gaborone Masaiti (Women)"]
[Site "Gaborone"]
[Date "2023.12.18"]
[Round "1"]
[White "Sliwicka, Alicja"]
[Black "Marape, Naledi"]
[Result "1-0"]
[WhiteElo "2306"]
[BlackElo "1679"]
[PlyCount "141"]
[EventDate "2023.12.18"]
[EventType "tourn"]
[EventRounds "9"]
[EventCountry "BOT"]
[SourceTitle "CB52_2023"]
[SourceDate "2023.12.27"]
[SourceVersion "1"]
[SourceVersionDate "2023.12.27"]
[SourceQuality "1"]

1. e4 c5 2. Nf3 d6 3. d4 cxd4 4. Nxd4 Nf6 5. Nc3 a6 6. Bd3 e5 7. Nde2 Be6 8. f4 Qc7 9. 0-0 Be7 10. Kh1 Nbd7 11. a4 0-0 12. Be3 Bc4 13. Ng3 Bxd3 14. cxd3 Rfc8 15. Qf3 b6 16. Rad1 Rab8 17. d4 Bf8 18. fxe5 dxe5 19. Nd5 Qd6 20. Nf5 Qe6 21. Nde7+ Bxe7 22. d5 Nxd5 23. exd5 Qf6 24. Qg3 Kh8 25. h4 Bf8 26. h5 Qd8 27. d6 Rc4 28. Bg5 f6 29. b3 Rc6 30. Bc1 Qe8 31. Qg4 Rbc8 32. Ba3 Qe6 33. Rb1 Rc3 34. Qe4 Qf7 35. h6 Qh5+ 36. Kg1 g6 37. Ne7 Bxh6 38. Rbe1 Bf4 39. Rxf4 exf4 40. Nxc8 Rxc8 41. Qb7 Rc2 42. Re8+ Kg7 43. Qxd7+ Kh6 44. Qh3 Qxh3 45. gxh3 Rd2 46. Kf1 Kg5 47. Ke1 Rd3 48. Re2 Kf5 49. Rd2 Rxd2 50. Kxd2 Ke6 51. Ke2 g5 52. Kf3 f5 53. Bb4 a5 54. Ba3 Kd7 55. Kf2 g4 56. h4 h5 57. Bc1 Kxd6 58. Bxf4+ Kc5 59. Be3+ Kb4 60. Bxb6 f4 61. Bc7 f3 62. Ke3 Kxb3 63. Bxa5 Kxa4 64. Be1 Kb3 65. Kf4 Kc2 66. Kg5 Kd1 67. Bg3 Ke2 68. Kxh5 f2 69. Bxf2 Kxf2 70. Kxg4 Ke3 71. h5 1-0

[Event "Olympiad Women-44"]
[Site "Chennai"]
[Date "2022.08.05"]
[Round "7.2"]
[White "Razafindrabiaza, Christine"]
[Black "Marape, Naledi"]
[Result "0-1"]
[WhiteElo "1635"]
[BlackElo "1714"]
[PlyCount "68"]
[EventDate "2022.07.29"]
[EventType "team-swiss"]
[EventRounds "11"]
[EventCountry "IND"]
[SourceTitle "CBM 210"]
[Source "ChessBase"]
[SourceDate "2022.10.31"]
[SourceVersion "1"]
[SourceVersionDate "2022.10.31"]
[SourceQuality "1"]
[WhiteTeam "Madagascar (W)"]
[BlackTeam "Botswana (W)"]
[WhiteTeamCountry "MAD"]
[BlackTeamCountry "BOT"]

1. e4 c5 2. Nf3 d6 3. d4 cxd4 4. Nxd4 Nf6 5. Bd3 e5 6. Nf3 a6 7. 0-0 Be7 8. Nc3 Be6 9. Ng5 0-0 10. Nxe6 fxe6 11. Rb1 b5 12. a3 Nbd7 13. Be3 Rc8 14. f4 exf4 15. Rxf4 Ne5 16. Ne2 Nc4 17. Bxc4 Rxc4 18. Ng3 Qc7 19. c3 d5 20. Qd3 Bd6 21. Rxf6 Rxf6 22. exd5 Bxg3 23. hxg3 exd5 24. Qxd5+ Qf7 25. Qa8+ Qf8 26. Qb7 Qd6 27. Re1 Qxg3 28. Re2 Qc7 29. Qd5+ Qf7 30. Qd8+ Qf8 31. Qd5+ Kh8 32. Bd4 Rf1+ 33. Kh2 Qf4+ 34. g3 Qh6+ 0-1

[Event "Olympiad Women-44"]
[Site "Chennai"]
[Date "2022.07.29"]
[Round "1.2"]
[White "Sargsyan, Anna M"]
[Black "Marape, Naledi"]
[Result "1-0"]
[WhiteElo "2378"]
[BlackElo "1714"]
[PlyCount "55"]
[EventDate "2022.07.29"]
[EventType "team-swiss"]
[EventRounds "11"]
[EventCountry "IND"]
[SourceTitle "CBM 210"]
[Source "ChessBase"]
[SourceDate "2022.10.31"]
[SourceVersion "1"]
[SourceVersionDate "2022.10.31"]
[SourceQuality "1"]
[WhiteTeam "Armenia (W)"]
[BlackTeam "Botswana (W)"]
[WhiteTeamCountry "ARM"]
[BlackTeamCountry "BOT"]

1. d4 Nf6 2. Bf4 g6 3. Nc3 Bg7 4. Qd2 0-0 5. Bh6 d6 6. h4 Bxh6 7. Qxh6 Ng4 8. Qd2 Kg7 9. h5 Rh8 10. e4 Nd7 11. h6+ Kf8 12. f3 Ngf6 13. e5 Ne8 14. e6 Ndf6 15. exf7 Kxf7 16. 0-0-0 d5 17. g4 Rf8 18. Nh3 c6 19. Nf4 Qd6 20. Re1 Nc7 21. Bd3 Ne6 22. Nce2 c5 23. Nxe6 Bxe6 24. dxc5 Qxc5 25. Nf4 Bd7 26. g5 Ne8 27. Nxg6 hxg6 28. Qf4+ 1-0

[Event "Online Olym Div3 C"]
[Site "Chess.com INT"]
[Date "2021.08.28"]
[Round "5.4"]
[White "Pelomoh, Jessica Onoriode"]
[Black "Marape, Naledi"]
[Result "1-0"]
[WhiteElo "1974"]
[BlackElo "1734"]
[PlyCount "107"]
[EventDate "2021.08.27"]
[EventType "team-tourn (rapid)"]
[EventRounds "9"]
[EventCountry "USA"]
[SourceTitle "CBM 204 Extra"]
[Source "ChessBase"]
[SourceDate "2021.11.30"]
[SourceVersion "1"]
[SourceVersionDate "2021.11.30"]
[SourceQuality "1"]
[WhiteTeam "Nigeria"]
[BlackTeam "Botswana"]
[WhiteTeamCountry "NGR"]
[BlackTeamCountry "BOT"]

1. d4 Nf6 2. Nf3 g6 3. Bf4 Bg7 4. e3 0-0 5. h3 d6 6. c4 Nbd7 7. Nc3 Re8 8. Be2 e5 9. dxe5 dxe5 10. Nxe5 Nxe5 11. Qxd8 Rxd8 12. Bxe5 c6 13. 0-0 Bf5 14. Rad1 Bc2 15. Rc1 Rd2 16. Bd1 Bxd1 17. Nxd1 Rad8 18. a3 Ne4 19. Bxg7 Kxg7 20. b3 Nc5 21. b4 Ne4 22. Nc3 Nxc3 23. Rxc3 Ra2 24. g3 Kf6 25. Kg2 Rdd2 26. c5 Ke5 27. Kf3 f5 28. g4 fxg4+ 29. hxg4 g5 30. Kg3 Ke4 31. f3+ Kd5 32. f4 Rg2+ 33. Kf3 gxf4 34. exf4 Rh2 35. Rd1+ Ke6 36. Re3+ Kf6 37. Rd6+ Kf7 38. Ke4 h5 39. g5 Rhg2 40. Kf5 Rad2 41. Red3 Rxd3 42. Rxd3 Rf2 43. Rh3 Rd2 44. Rxh5 Rd5+ 45. Kg4 Kg6 46. Rh6+ Kg7 47. Rd6 Kf7 48. g6+ Kg7 49. f5 Kh6 50. Rxd5 cxd5 51. Kf4 Kg7 52. b5 Kf6 53. c6 bxc6 54. bxc6 1-0

[Event "Africa-ch (Women)"]
[Site "Lilongwe"]
[Date "2021.05.24"]
[Round "6"]
[White "Moaataz, Ayah"]
[Black "Marape, Naledi"]
[Result "1/2-1/2"]
[WhiteElo "2028"]
[BlackElo "1717"]
[PlyCount "164"]
[EventDate "2021.05.18"]
[EventType "swiss"]
[EventRounds "9"]
[EventCountry "MWI"]
[SourceTitle "EXT 2022"]
[Source "ChessBase"]
[SourceDate "2021.10.06"]
[SourceVersion "1"]
[SourceVersionDate "2021.10.06"]
[SourceQuality "1"]

1. c4 Nf6 2. g3 e6 3. Bg2 d5 4. Nf3 dxc4 5. Qa4+ Bd7 6. Qxc4 c5 7. 0-0 Nc6 8. d3 Rc8 9. Qc2 b5 10. a4 a6 11. axb5 axb5 12. Nc3 Nd4 13. Qd1 Qb6 14. Ne5 Be7 15. Bg5 Bc6 16. Nxc6 Nxc6 17. Qb3 Nd4 18. Qd1 h6 19. Bd2 0-0 20. Ra2 Rb8 21. Ne4 Nxe4 22. Bxe4 Bf6 23. h4 c4 24. e3 Nb3 25. d4 Nxd2 26. Qxd2 Rfc8 27. Rfa1 b4 28. Ra6 Qd8 29. Rc1 Qd7 30. Raa1 Qc7 31. Qe2 Be7 32. Ra6 c3 33. bxc3 bxc3 34. Rc6 Qa5 35. Qc4 Rxc6 36. Qxc6 Bb4 37. d5 exd5 38. Bxd5 Qd8 39. e4 Qc8 40. Qa4 Qe8 41. Qa7 Rc8 42. Qb7 Be7 43. e5 Qd8 44. Qb3 Qf8 45. Rxc3 Rxc3 46. Qxc3 Bd8 47. Qc4 Be7 48. Qf4 g6 49. Qg4 Qg7 50. e6 f6 51. h5 g5 52. Be4 Qf8 53. Qf5 Qg7 54. Qb5 Qf8 55. Bg6 Kh8 56. Kg2 Qa8+ 57. Kh2 Qc8 58. Bf7 Qf8 59. Kh3 Qg7 60. Qd7 Qf8 61. Kg4 Kg7 62. Qd3 Kh8 63. Qg6 Qg7 64. Kf5 Qf8 65. Be8 Qg7 66. Bc6 Qf8 67. Bd7 Qg7 68. Qe8+ Bf8 69. Bc6 Kh7 70. Be4 Kh8 71. e7 Qxe7 72. Qxe7 Bxe7 73. Kg6 Bd8 74. g4 Be7 75. Bd5 Bd8 76. Kxh6 Bb6 77. Kg6 Bd4 78. Kf5 Be5 79. f4 gxf4 80. g5 Kg7 81. h6+ Kh7 82. Be4 fxg5 1/2-1/2

[Event "Online Olym Div3 B"]
[Site "Chess.com INT"]
[Date "2020.08.08"]
[Round "5.2"]
[White "Nikitskaya, Varvara"]
[Black "Marape, Naledi"]
[Result "1-0"]
[WhiteElo "1173"]
[BlackElo "1689"]
[PlyCount "59"]
[EventDate "2020.08.07"]
[EventType "team-tourn (rapid)"]
[EventRounds "9"]
[EventCountry "USA"]
[SourceTitle "CBM 198"]
[Source "ChessBase"]
[SourceDate "2020.10.31"]
[SourceVersion "1"]
[SourceVersionDate "2020.10.31"]
[SourceQuality "1"]
[WhiteTeam "IPCA"]
[BlackTeam "Botswana"]
[BlackTeamCountry "BOT"]

1. d4 d5 2. c4 c6 3. Nf3 Nf6 4. e3 e6 5. Nbd2 Nbd7 6. Bd3 Be7 7. 0-0 0-0 8. e4 dxe4 9. Nxe4 Nxe4 10. Bxe4 Nf6 11. Bc2 Re8 12. Qd3 Bf8 13. Bg5 g6 14. Ne5 Bg7 15. h4 Qc7 16. Rfe1 a5 17. Qf3 Nh5 18. g4 Bxe5 19. dxe5 Ng7 20. Qf6 Rf8 21. Bh6 Ne8 22. Qf4 Ng7 23. h5 b6 24. Bxg7 Re8 25. Qf6 Qe7 26. hxg6 hxg6 27. Kg2 Ba6 28. Rh1 Qxf6 29. exf6 Bb7 30. Rh8# 1-0

[Event "Africa-ch U18 Girls"]
[Site "Windhoek"]
[Date "2019.12.21"]
[Round "9.5"]
[White "Horn, Caro"]
[Black "Marape, Naledi"]
[Result "0-1"]
[WhiteElo "1113"]
[BlackElo "1588"]
[PlyCount "70"]
[EventDate "2019.12.16"]
[EventType "swiss"]
[EventRounds "9"]
[EventCountry "NAM"]
[SourceTitle "EXT 2024"]
[Source "ChessBase"]
[SourceDate "2023.10.10"]
[SourceVersion "1"]
[SourceVersionDate "2023.10.10"]
[SourceQuality "1"]

1. e4 e5 2. Nf3 Nc6 3. Bc4 Bc5 4. d3 h6 5. 0-0 Nf6 6. c3 d6 7. a4 a6 8. Re1 0-0 9. Be3 Bxe3 10. fxe3 Qe7 11. Nbd2 Bd7 12. d4 Rad8 13. b4 Rfe8 14. d5 Nb8 15. b5 axb5 16. Bxb5 Bxb5 17. axb5 Nbd7 18. c4 Nc5 19. Qc2 Ra8 20. Nh4 g6 21. Rf1 Kg7 22. Rae1 Ra5 23. Rf3 Rea8 24. Rg3 Kh7 25. Nb3 Nxb3 26. Qxb3 Nxe4 27. Rh3 Ra2 28. Qd3 Nf2 29. Qf1 Nxh3+ 30. gxh3 Qxh4 31. Qxf7+ Kh8 32. Qf1 Qg5+ 33. Kh1 Qf5 34. Qg1 Qf3+ 35. Qg2 Qxg2# 0-1

[Event "Africa-ch U18 Girls"]
[Site "Windhoek"]
[Date "2019.12.20"]
[Round "8.3"]
[White "Marape, Naledi"]
[Black "Badisang, Loago"]
[Result "1/2-1/2"]
[WhiteElo "1588"]
[BlackElo "1289"]
[PlyCount "60"]
[EventDate "2019.12.16"]
[EventType "swiss"]
[EventRounds "9"]
[EventCountry "NAM"]
[SourceTitle "EXT 2024"]
[Source "ChessBase"]
[SourceDate "2023.10.10"]
[SourceVersion "1"]
[SourceVersionDate "2023.10.10"]
[SourceQuality "1"]

1. e4 c5 2. c3 d6 3. d4 cxd4 4. cxd4 Nf6 5. Nc3 e6 6. h3 Be7 7. Nf3 a6 8. Bd3 Nbd7 9. 0-0 Nf8 10. Be3 Ng6 11. Nd2 0-0 12. Kh1 b5 13. f4 Re8 14. f5 Nf8 15. Qf3 Bb7 16. Qf2 N6d7 17. fxe6 fxe6 18. Qg3 Ng6 19. e5 Ndf8 20. Be4 Bxe4 21. Ndxe4 dxe5 22. dxe5 Bh4 23. Qh2 Nd7 24. Bd4 Qc7 25. Nd6 Rf8 26. Nce4 Rxf1+ 27. Rxf1 Rf8 28. Rd1 Qc2 29. Ra1 Qd3 30. Qg1 Qe2 1/2-1/2

[Event "Africa-ch U18 Girls"]
[Site "Windhoek"]
[Date "2019.12.17"]
[Round "3.3"]
[White "Marape, Naledi"]
[Black "Besa, Masaiti"]
[Result "1-0"]
[WhiteElo "1588"]
[BlackElo "1667"]
[PlyCount "88"]
[EventDate "2019.12.16"]
[EventType "swiss"]
[EventRounds "9"]
[EventCountry "NAM"]
[SourceTitle "EXT 2024"]
[Source "ChessBase"]
[SourceDate "2023.10.10"]
[SourceVersion "1"]
[SourceVersionDate "2023.10.10"]
[SourceQuality "1"]

1. e4 c5 2. Nf3 g6 3. d4 cxd4 4. Nxd4 Bg7 5. Nc3 Nc6 6. Be3 Nf6 7. f3 0-0 8. Qd2 d5 9. exd5 Nxd5 10. Nxc6 bxc6 11. Bd4 Nxc3 12. Bxg7 Qxd2+ 13. Kxd2 Ne4+ 14. fxe4 Kxg7 15. Bc4 Rd8+ 16. Kc3 Bb7 17. Rhf1 e6 18. g3 Rd7 19. Rf3 Rb8 20. b3 Bc8 21. Rd1 Rb6 22. Rd2 Rxd2 23. Kxd2 Ba6 24. Kc3 Kf8 25. e5 Bxc4 26. Kxc4 Ra6 27. a4 Ra5 28. Rd3 Ke7 29. Rd2 h5 30. c3 g5 31. Kd4 Rd5+ 32. Ke3 f6 33. exf6+ Kxf6 34. Rf2+ Rf5 35. Ra2 g4 36. b4 Kg5 37. c4 h4 38. gxh4+ Kxh4 39. b5 Kg5 40. Rb2 Rf4 41. Kd3 c5 42. a5 Rd4+ 43. Kc3 Rf4 44. b6 a6 1-0

[Event "Africa-ch U18 Girls"]
[Site "Windhoek"]
[Date "2019.12.17"]
[Round "4.3"]
[White "Wanjala, Dorcus"]
[Black "Marape, Naledi"]
[Result "0-1"]
[WhiteElo "1300"]
[BlackElo "1588"]
[PlyCount "43"]
[EventDate "2019.12.16"]
[EventType "swiss"]
[EventRounds "9"]
[EventCountry "NAM"]
[SourceTitle "EXT 2024"]
[Source "ChessBase"]
[SourceDate "2023.10.10"]
[SourceVersion "1"]
[SourceVersionDate "2023.10.10"]
[SourceQuality "1"]

1. e4 e5 2. Nf3 Nc6 3. Bc4 Bc5 4. d3 h6 5. Bb5 d6 6. d4 exd4 7. Nxd4 Nge7 8. 0-0 0-0 9. Nxc6 Nxc6 10. Bxc6 bxc6 11. Nc3 a6 12. Qf3 Be6 13. Be3 Bb6 14. Rfd1 Qe7 15. Qg3 Bxe3 16. Qxe3 Rfe8 17. Rd4 Bd7 18. Rad1 f5 19. Re1 fxe4 20. Rxe4 Qf7 21. Kf1 Rf8 22. Ke2 0-1

[Event "Antananarivo zt 4.3 (Women)"]
[Site "Antananarivo"]
[Date "2019.05.01"]
[Round "5"]
[White "Marape, Naledi"]
[Black "Rakotoniaina, Tiana Johanna"]
[Result "1-0"]
[WhiteElo "1570"]
[BlackElo "1267"]
[PlyCount "54"]
[EventDate "2019.04.27"]
[EventType "tourn"]
[EventRounds "9"]
[EventCountry "MAD"]
[SourceTitle "EXT 2020"]
[Source "ChessBase"]
[SourceDate "2019.10.17"]
[SourceVersion "1"]
[SourceVersionDate "2019.10.17"]
[SourceQuality "1"]

1. e4 e5 2. Nf3 Nc6 3. Bc4 Nf6 4. d3 Bc5 5. c3 d6 6. Bb3 0-0 7. 0-0 Bg4 8. h3 Bxf3 9. Qxf3 Ne7 10. Be3 Bb6 11. Bxb6 axb6 12. Re1 Ng6 13. g3 Qd7 14. Kg2 h6 15. Nd2 c6 16. Nc4 Qc7 17. Ne3 Rad8 18. Nf5 Ne7 19. Nxh6+ Kh8 20. Nxf7+ Rxf7 21. Bxf7 Rf8 22. Bb3 Qd8 23. Qe3 Nh7 24. Rad1 d5 25. d4 Ng6 26. dxe5 Nxe5 27. f4 c5 1-0

[Event "Antananarivo zt 4.3 (Women)"]
[Site "Antananarivo"]
[Date "2019.04.29"]
[Round "4"]
[White "Mululu, Linah"]
[Black "Marape, Naledi"]
[Result "1/2-1/2"]
[WhiteElo "1679"]
[BlackElo "1570"]
[PlyCount "62"]
[EventDate "2019.04.27"]
[EventType "tourn"]
[EventRounds "9"]
[EventCountry "MAD"]
[SourceTitle "EXT 2020"]
[Source "ChessBase"]
[SourceDate "2019.10.17"]
[SourceVersion "1"]
[SourceVersionDate "2019.10.17"]
[SourceQuality "1"]

1. e4 e5 2. Bc4 Nc6 3. Nf3 Bc5 4. 0-0 Nf6 5. d4 Bxd4 6. Nxd4 Nxd4 7. f4 d6 8. fxe5 dxe5 9. c3 Ne6 10. Qb3 a6 11. Bxe6 fxe6 12. Bg5 h6 13. Bxf6 gxf6 14. Rd1 Qe7 15. Rd2 b6 16. Qd1 h5 17. Na3 Bb7 18. Qe2 Rd8 19. Rad1 Rxd2 20. Qxd2 Qh7 21. Qd3 Qe7 22. Qg3 Bxe4 23. Rd2 Bb7 24. Re2 f5 25. Rd2 Qc5+ 26. Kh1 Qe7 27. Qxe5 Rg8 28. Nc4 h4 29. h3 Rg7 30. Ne3 Rg8 31. Nc4 Rg7 1/2-1/2

[Event "Antananarivo zt 4.3 (Women)"]
[Site "Antananarivo"]
[Date "2019.04.28"]
[Round "3"]
[White "Mpinganjira, Ellen"]
[Black "Marape, Naledi"]
[Result "0-1"]
[WhiteElo "1493"]
[BlackElo "1570"]
[PlyCount "102"]
[EventDate "2019.04.27"]
[EventType "tourn"]
[EventRounds "9"]
[EventCountry "MAD"]
[SourceTitle "EXT 2020"]
[Source "ChessBase"]
[SourceDate "2019.10.17"]
[SourceVersion "1"]
[SourceVersionDate "2019.10.17"]
[SourceQuality "1"]

1. e4 e5 2. Nf3 Nc6 3. Bb5 a6 4. Ba4 Nf6 5. d3 b5 6. Bb3 Be7 7. a3 d6 8. h3 Bb7 9. 0-0 0-0 10. Nbd2 Na5 11. Ba2 c5 12. b4 Nc6 13. bxc5 dxc5 14. Re1 Qc7 15. Nf1 Rad8 16. Ng3 c4 17. Qe2 cxd3 18. cxd3 Nd4 19. Nxd4 Rxd4 20. Bb2 Rdd8 21. Rac1 Qb8 22. Nf5 Rfe8 23. Qf3 Kh8 24. Qg3 Nh5 25. Qg4 Bc8 26. Qxh5 g6 27. Qf3 gxf5 28. exf5 f6 29. g4 Bb7 30. Qe3 Ba8 31. Kf1 Qd6 32. Red1 Bd5 33. Bxd5 Qxd5 34. Rd2 Rc8 35. Rdc2 Rxc2 36. Rxc2 Qb3 37. Qd2 Bxa3 38. Bxa3 Qxa3 39. Qc3 Qxc3 40. Rxc3 a5 41. Ke1 b4 42. Rb3 Rb8 43. Kd2 Rc8 44. h4 Kg7 45. g5 fxg5 46. hxg5 h6 47. gxh6+ Kxh6 48. Rb1 Kg5 49. Rh1 Kxf5 50. Rh5+ Kf6 51. Rh6+ Kf5 0-1

[Event "Matola zt 4.3 (Women)"]
[Site "Matola"]
[Date "2018.04.09"]
[Round "2.7"]
[White "Marape, Naledi"]
[Black "Sitoe, Cheila Andre"]
[Result "1-0"]
[WhiteElo "1631"]
[BlackElo "1522"]
[PlyCount "65"]
[EventDate "2018.04.08"]
[EventType "swiss"]
[EventRounds "9"]
[EventCountry "MOZ"]
[SourceTitle "EXT 2024"]
[Source "ChessBase"]
[SourceDate "2023.10.10"]
[SourceVersion "1"]
[SourceVersionDate "2023.10.10"]
[SourceQuality "1"]

1. e4 e5 2. Nf3 Nc6 3. Bc4 Be7 4. c3 Nf6 5. Qe2 d6 6. Bb3 Bg4 7. d3 0-0 8. Be3 h6 9. h3 Bh5 10. Nbd2 Qd7 11. 0-0 a6 12. Rfe1 Nh7 13. Nf1 Ng5 14. Bxg5 Bxf3 15. Qxf3 Bxg5 16. Ng3 Ne7 17. Rad1 Kh8 18. d4 f5 19. dxe5 fxe4 20. Qxe4 Nc6 21. exd6 cxd6 22. Qd5 Rad8 23. Ne4 Bf4 24. Nc5 Qf5 25. Ne6 Qxd5 26. Bxd5 Be5 27. Nxd8 Nxd8 28. Bf3 b6 29. a4 Ne6 30. Bd5 Nc5 31. Ra1 Nd3 32. Re2 Nf4 33. Rd2 1-0

[Event "BOT-ch (Women)"]
[Site "Gaborone"]
[Date "2018.03.30"]
[Round "2.1"]
[White "Marape, Naledi"]
[Black "Otisitswe, Ruth"]
[Result "1/2-1/2"]
[WhiteElo "1525"]
[BlackElo "1448"]
[PlyCount "117"]
[EventDate "2018.03.30"]
[EventType "swiss"]
[EventRounds "7"]
[EventCountry "BOT"]
[SourceTitle "EXT 2024"]
[Source "ChessBase"]
[SourceDate "2023.10.10"]
[SourceVersion "1"]
[SourceVersionDate "2023.10.10"]
[SourceQuality "1"]

1. e4 c5 2. d4 cxd4 3. c3 dxc3 4. Nxc3 Nc6 5. Nf3 e5 6. Bc4 d6 7. h3 Be7 8. 0-0 Nf6 9. Qe2 0-0 10. Rd1 a6 11. a4 Bd7 12. Bg5 Rc8 13. Bxf6 Bxf6 14. Nd5 Be7 15. Bb3 Na5 16. Bc2 Nc4 17. b3 Nb6 18. Ne3 Qc7 19. Rac1 Be6 20. Qd2 Qc3 21. a5 Qxd2 22. Nxd2 Na8 23. Ndc4 Rfd8 24. Rd3 g6 25. Rcd1 Bxc4 26. Nxc4 Rc6 27. Bb1 f6 28. Kf1 Kg7 29. Ke2 b6 30. axb6 Nxb6 31. Nxb6 Rxb6 32. Rc1 Rd7 33. Ba2 Bd8 34. Rdc3 Rbb7 35. Rc6 Rb6 36. Rxb6 Bxb6 37. Rc6 Bc5 38. Rxa6 Ra7 39. Rxa7+ Bxa7 40. f3 Kf8 41. Kd3 Ke7 42. b4 Kd7 43. Bd5 Kc7 44. Kc4 h6 45. b5 g5 46. Bc6 Kd8 47. Kd5 Ke7 48. Bb7 Kd7 49. Bc6+ Ke7 50. Kc4 Kd8 51. Kd3 Bc5 52. Ke2 Kc7 53. Kf1 Kb6 54. g3 Ka5 55. g4 Kb4 56. Kg2 Kc4 57. Kg3 Kd3 58. Bd7 Kd4 59. Bc6 1/2-1/2

[Event "African School-ch U13 Girls"]
[Site "Harare"]
[Date "2017.08.27"]
[Round "9.2"]
[White "Marape, Naledi"]
[Black "Mwale, Naomi"]
[Result "1-0"]
[WhiteElo "1463"]
[BlackElo "1359"]
[PlyCount "71"]
[EventDate "2017.08.21"]
[EventType "swiss"]
[EventRounds "9"]
[EventCountry "ZIM"]
[SourceTitle "EXT 2024"]
[Source "ChessBase"]
[SourceDate "2023.10.10"]
[SourceVersion "1"]
[SourceVersionDate "2023.10.10"]
[SourceQuality "1"]

1. e4 e5 2. Nf3 Nc6 3. Bc4 Bc5 4. c3 h6 5. d4 exd4 6. cxd4 Bb4+ 7. Nc3 d6 8. h3 Nf6 9. Qc2 Qe7 10. 0-0 0-0 11. Re1 Be6 12. d5 Na5 13. Bd3 Bd7 14. a3 Bxc3 15. Qxc3 b6 16. b4 Nb7 17. Qxc7 Rab8 18. Qc2 Rfc8 19. Qd2 Rc7 20. Bb2 Rbc8 21. Qe2 a5 22. Bd4 axb4 23. axb4 b5 24. Ra7 Nd8 25. Rxc7 Rxc7 26. Bxf6 Qxf6 27. Bxb5 Bxb5 28. Qxb5 Qe7 29. Qd3 Rb7 30. Rb1 f6 31. Nh4 Qf7 32. Nf5 Rd7 33. Qg3 Nb7 34. Nxh6+ Kf8 35. Nxf7 Kxf7 36. Qg4 1-0

[Event "African School-ch U13 Girls"]
[Site "Harare"]
[Date "2017.08.26"]
[Round "8.2"]
[White "Van Niekerk, Natasha Isabel"]
[Black "Marape, Naledi"]
[Result "0-1"]
[WhiteElo "1149"]
[BlackElo "1463"]
[PlyCount "106"]
[EventDate "2017.08.21"]
[EventType "swiss"]
[EventRounds "9"]
[EventCountry "ZIM"]
[SourceTitle "EXT 2024"]
[Source "ChessBase"]
[SourceDate "2023.10.10"]
[SourceVersion "1"]
[SourceVersionDate "2023.10.10"]
[SourceQuality "1"]

1. d4 d5 2. c4 e6 3. Nc3 Nf6 4. Nf3 Be7 5. Bf4 a6 6. e3 0-0 7. Be2 Nbd7 8. 0-0 h6 9. Qc2 dxc4 10. Bxc4 Nh5 11. Be5 Nxe5 12. Nxe5 Nf6 13. a4 c5 14. Rfd1 Qc7 15. Qb3 Bd6 16. Nf3 b6 17. h3 Bb7 18. d5 exd5 19. Nxd5 Nxd5 20. Bxd5 Rad8 21. Bxb7 Qxb7 22. Rd2 Rd7 23. Rad1 Rfd8 24. Kh1 b5 25. axb5 axb5 26. Rd5 Bf8 27. Rxd7 Rxd7 28. Rxd7 Qxd7 29. e4 c4 30. Qc2 Qd3 31. Qxd3 cxd3 32. Kg1 Bb4 33. Kf1 Bc5 34. Ne5 d2 35. Ke2 Bxf2 36. Kxd2 f6 37. Nd3 Bd4 38. Kc2 Kf7 39. Kb3 Ke6 40. Kb4 f5 41. exf5+ Kxf5 42. Kxb5 Ke4 43. Kc4 Bb6 44. Nc5+ Kf4 45. b4 g5 46. b5 Kg3 47. Nd7 Bd8 48. b6 Bxb6 49. Nxb6 Kxg2 50. Nd5 Kxh3 51. Ne3 h5 52. Nf5 h4 53. Nd4 Kg2 0-1